| 000 | 00462nam a22001817a 4500 | ||
|---|---|---|---|
| 003 | CEME | ||
| 005 | 20210628202944.0 | ||
| 008 | 210212b xxu||||| |||| 00| 0 eng d | ||
| 020 | _a0-07-120654-X | ||
| 040 | _c. | ||
| 082 | _a621.395 MAR | ||
| 100 |
_aMarcovitz, Alan B _962534 |
||
| 245 | _aIntroduction to logic design | ||
| 260 |
_aNEW YORK _bMCGRAW HILL _c2002 |
||
| 300 | _aXI,572P | ||
| 650 |
_aLOGIC DESIGN; LOGIC CIRCUIT _962535 |
||
| 942 |
_cBK _2ddc |
||
| 999 |
_c571617 _d571617 |
||